The Biometric Computing/ (Record no. 591061)

000 -LEADER
fixed length control field 00658nam a22001457a 4500
003 - CONTROL NUMBER IDENTIFIER
control field NUST
008 - FIXED-LENGTH DATA ELEMENTS--GENERAL INFORMATION
fixed length control field 220816b ||||| |||| 00| 0 eng d
020 ## - INTERNATIONAL STANDARD BOOK NUMBER
International Standard Book Number 978-1-0-8153-9364-1
082 ## - DEWEY DECIMAL CLASSIFICATION NUMBER
Classification number 006.4, ARY
245 ## - TITLE STATEMENT
Title The Biometric Computing/
Remainder of title Recognition and Registration
Statement of responsibility, etc. Edited by Karm Veer Arya, Robin Singh Bhadoria
260 ## - PUBLICATION, DISTRIBUTION, ETC.
Place of publication, distribution, etc. New York
Name of publisher, distributor, etc. CRC Press
Date of publication, distribution, etc. 2020
300 ## - PHYSICAL DESCRIPTION
Extent xiii, 289:pages
505 ## - FORMATTED CONTENTS NOTE
Formatted contents note Part I: The Biometric Computing – Fundamentals & Definitions (Page-1), Part II: The Biometric Computing - Algorithms & Methodologies (Page-113), Part III: The Biometric Computing – Futuristic Research & Case Studies (Page-215).
942 ## - ADDED ENTRY ELEMENTS (KOHA)
Source of classification or shelving scheme
Koha item type Book
Holdings
Withdrawn status Lost status Source of classification or shelving scheme Damaged status Not for loan Permanent Location Current Location Shelving location Date acquired Full call number Barcode Date last seen Price effective from Koha item type Public note
          Military College of Signals (MCS) Military College of Signals (MCS) Reference 08/16/2022 006.4, ARY MCS38470 08/16/2022 08/16/2022 Book Almirah Fresh No.44, Shelf No.3
© 2023 Central Library, National University of Sciences and Technology. All Rights Reserved.